Visualizzazione normale
Vista MARC
- Cubillas Donyague, Francisco de
di Personal Name
Records bibliografici associati: 1
001 - CONTROL NUMBER
- control field: 72160
003 - CONTROL NUMBER IDENTIFIER
- control field: IT-RoINE
005 - DATE AND TIME OF LATEST TRANSACTION
- control field: 20230913100022.0
008 - FIXED-LENGTH DATA ELEMENTS
- fixed length control field: 230913|| aca||aabn | a|a d
040 ## - CATALOGING SOURCE
- Original cataloging agency: IT-RoINE
100 1# - HEADING--PERSONAL NAME
- Personal name: Cubillas Donyague, Francisco de
400 1# - SEE FROM TRACING--PERSONAL NAME
- Personal name: Cubillas Don Yagüe, Francisco de